000 00495nam a2200181Ia 4500
001 935
005 20260306140555.0
008 260306t2001||||xx |||||||||||||| ||spa||
041 _aESP
082 _a174.4
_bF83
100 _aFrederick, Robert E.
_eAUT
245 0 _aLa ética en los negocios:
_baplicación a problemas específicos en las organizaciones de negocios
260 _c2001
300 _axvi, 540 páginas :
_c24 cm.
650 _aGEN
654 _aCHU
942 _cLIB
_dJUS
_fJUS
_2ddc
_n
999 _c935
_d935